Statistics for Final Fantasy 1

Click here to take the quiz!

General Stats

  • This quiz has been taken 28 times
  • The average score is 11 of 13

Answer Stats

HintAnswer% Correct
A wizard the uses only black magicBlack mage
100%
A wizard that can you black and white magicRed mage
100%
A sneaky pick pocketer classThief
100%
A wizard that uses only white magicWhite mage
100%
The true final boss of Final FantasyChaos
95%
A fighting classFighter/Knight
95%
A black belted master classMonk/Black Belt
95%
The first boss who comes back in the pastGarland
91%
Who is the elemental fiend of waterKraken
82%
Who is the elemental fiend of earthLich
73%
Who is the elemental fiend of windTiamat
68%
What is the first castle you begin atCastle Cornelia
64%
Who is the elemental fiend of fireMarilith
41%

Score Distribution

Percentile by Number Answered

Percent of People with Each Score

Your Score History

You have not taken this quiz